00242nam a22001097a 4500082001500000100001700015245004300032260002500075300000800100942000700108999001700115 a624.171PIP aPipard A J S aThe analysis of engineering structures aLondonbEdwardc1968 a575 cBK c15303d15303